[Event "BCF-chT4 2223 (4NCL)"]
[Site "England"]
[Date "2022.11.06"]
[Round "2.82"]
[White "Combie, Alexander"]
[Black "Finn, Elizabeth"]
[Result "1-0"]
[WhiteElo "1881"]
[BlackElo "1663"]
[PlyCount "89"]
[EventDate "2022.11.05"]
[EventType "team-swiss"]
[EventRounds "11"]
[EventCountry "ENG"]
[SourceTitle "EXT 2024"]
[Source "ChessBase"]
[SourceDate "2023.10.10"]
[SourceVersion "1"]
[SourceVersionDate "2023.10.10"]
[SourceQuality "1"]
[WhiteTeam "Ashfield II"]
[BlackTeam "Sussex Martlets III"]
[WhiteTeamCountry "ENG"]
[BlackTeamCountry "ENG"]

1. d4 d5 2. c4 e6 3. Nf3 Nf6 4. g3 dxc4 5. Bg2 Nbd7 6. Nbd2 b5 7. Ne5 Nd5 8. Nc6 Qf6 9. a4 Bb7 10. axb5 Bxc6 11. bxc6 N7b6 12. Ne4 Bb4+ 13. Kf1 Qe7 14. Bg5 f6 15. Bd2 0-0 16. Bxb4 Qxb4 17. Nc5 e5 18. Nd7 Nxd7 19. Bxd5+ Kh8 20. cxd7 Rad8 21. Bc6 Qb6 22. d5 f5 23. Kg2 f4 24. Rf1 e4 25. gxf4 Rxf4 26. e3 Rf6 27. Qc2 Rxc6 28. dxc6 Qxc6 29. Rad1 Qe6 30. Qe2 h6 31. Rd4 Rxd7 32. Rfd1 Rf7 33. Rf1 Rf3 34. Rxe4 Qg6+ 35. Kxf3 Qh5+ 36. Rg4 Qh3+ 37. Ke4 h5 38. Rf4 Qe6+ 39. Kd4 Qb6+ 40. Kc3 Qb3+ 41. Kd2 Qxb2+ 42. Ke1 Qc1+ 43. Qd1 Qb2 44. Rf8+ Kh7 45. Qxh5# 1-0

[Event "BCF-chT3Sa 1920 (4NCL)"]
[Site "England"]
[Date "2019.11.09"]
[Round "1.13"]
[White "Wilson, Jaimie"]
[Black "Combie, Alexander"]
[Result "1-0"]
[WhiteElo "2112"]
[BlackElo "1982"]
[PlyCount "103"]
[EventDate "2019.11.09"]
[EventType "team-tourn"]
[EventRounds "11"]
[EventCountry "ENG"]
[SourceTitle "EXT 2023"]
[Source "ChessBase"]
[SourceDate "2022.10.05"]
[SourceVersion "1"]
[SourceVersionDate "2022.10.05"]
[SourceQuality "1"]
[WhiteTeam "Wessex"]
[BlackTeam "Ashfield"]
[WhiteTeamCountry "ENG"]
[BlackTeamCountry "ENG"]

1. c4 Nf6 2. Nf3 g6 3. Nc3 Bg7 4. e4 d6 5. d4 0-0 6. Be2 e5 7. d5 a5 8. Bg5 h6 9. Bh4 Na6 10. Qc2 Qe8 11. Nd2 Nh7 12. f3 Bd7 13. a3 a4 14. Nb5 Bxb5 15. cxb5 Nc5 16. Bf2 b6 17. Bxc5 bxc5 18. 0-0 Qb8 19. Qc4 Nf6 20. Qc2 Nd7 21. Nc4 Nb6 22. Nxb6 Qxb6 23. Bc4 Qb8 24. b4 axb3 25. Qxb3 Qb6 26. a4 f5 27. Qc3 Ra5 28. Ra3 fxe4 29. fxe4 Rxf1+ 30. Kxf1 Qa7 31. Qc2 Qa8 32. Ra2 Qf8+ 33. Qf2 Qf4 34. Qxf4 exf4 35. Ke2 Bd4 36. Kf3 g5 37. Kg4 Bc3 38. Rc2 Bb4 39. Bb3 Ra8 40. e5 Rf8 41. exd6 cxd6 42. Re2 f3 43. gxf3 Rf4+ 44. Kg3 Rd4 45. b6 Ba5 46. b7 Bc7 47. Re7 Bb8 48. Re8+ Kf7 49. Rxb8 Rb4 50. Rh8 Rxb3 51. b8Q Rxb8 52. Rxb8 1-0

[Event "BCF-chT4S 1819 (4NCL)"]
[Site "England"]
[Date "2019.04.14"]
[Round "8.23"]
[White "Davies, Matthew"]
[Black "Combie, Alexander"]
[Result "0-1"]
[WhiteElo "1933"]
[BlackElo "2005"]
[PlyCount "80"]
[EventDate "2018.11.17"]
[EventType "team-swiss"]
[EventRounds "11"]
[EventCountry "ENG"]
[SourceTitle "EXT 2021"]
[Source "ChessBase"]
[SourceDate "2020.10.23"]
[SourceVersion "1"]
[SourceVersionDate "2020.10.23"]
[SourceQuality "1"]
[WhiteTeam "West is Best III"]
[BlackTeam "Ashfield"]
[WhiteTeamCountry "ENG"]
[BlackTeamCountry "ENG"]

1. d4 Nf6 2. c4 g6 3. Nc3 Bg7 4. e4 d6 5. Nf3 0-0 6. Be2 e5 7. 0-0 Nc6 8. d5 Ne7 9. Nd2 Ne8 10. b4 f5 11. a4 Bh6 12. a5 Nf6 13. Bd3 Bxd2 14. Qxd2 f4 15. f3 g5 16. c5 h5 17. a6 b6 18. Bb2 g4 19. Rfc1 h4 20. Nb5 Ne8 21. cxd6 cxd6 22. Qc2 Bd7 23. Ra3 h3 24. Nc7 Rc8 25. Rc3 Nxc7 26. Rxc7 Ra8 27. Rb7 Bc8 28. Rc7 hxg2 29. Kxg2 Ng6 30. Qc6 gxf3+ 31. Kh1 Bh3 32. Qb7 Qf6 33. Bf1 Bg4 34. Rh7 f2 35. Kg2 Bc8 36. Qc7 Nh8 37. Kxf2 Nf7 38. Rh5 Bg4 39. Rf5 Qh4+ 40. Kg1 Bxf5 0-1

[Event "BCF-chT3N 1718 (4NCL)"]
[Site "England"]
[Date "2018.01.13"]
[Round "3.33"]
[White "Edwards, Simon R"]
[Black "Combie, Alexander"]
[Result "0-1"]
[WhiteElo "1940"]
[BlackElo "1966"]
[PlyCount "52"]
[EventDate "2017.11.11"]
[EventType "team-swiss"]
[EventRounds "11"]
[EventCountry "ENG"]
[SourceTitle "EXT 2020"]
[Source "ChessBase"]
[SourceDate "2019.10.17"]
[SourceVersion "1"]
[SourceVersionDate "2019.10.17"]
[SourceQuality "1"]
[WhiteTeam "Cheddleton II"]
[BlackTeam "Ashfield Breadsall"]
[WhiteTeamCountry "ENG"]
[BlackTeamCountry "ENG"]

1. e4 c5 2. Nf3 d6 3. d4 cxd4 4. Nxd4 Nf6 5. Nc3 a6 6. Bg5 e6 7. f4 h6 8. Bh4 Qb6 9. Qd2 Qxb2 10. Rb1 Qa3 11. Bd3 Nbd7 12. 0-0 Qc5 13. Bf2 Qc7 14. Be2 b5 15. Bf3 Bb7 16. Ndxb5 axb5 17. Nxb5 Qa5 18. Nxd6+ Bxd6 19. Qxd6 Bxe4 20. Be2 Qd5 21. Qb4 Bxg2 22. Rfd1 Qe4 23. Bc4 Bh3 24. Qb8+ Rxb8 25. Rxb8+ Nxb8 26. Bb5+ Nbd7 0-1

[Event "BCF-chT3Sc 1516 (4NCL)"]
[Site "England"]
[Date "2016.03.20"]
[Round "8.87"]
[White "Peck, Silas"]
[Black "Combie, Alexander"]
[Result "1-0"]
[WhiteElo "1902"]
[BlackElo "2041"]
[PlyCount "63"]
[EventDate "2016.03.20"]
[EventType "team-swiss"]
[EventRounds "11"]
[EventCountry "ENG"]
[SourceTitle "EXT 2017"]
[Source "ChessBase"]
[SourceDate "2016.10.25"]
[SourceVersion "1"]
[SourceVersionDate "2016.10.25"]
[SourceQuality "1"]
[WhiteTeam "Anglian Avengers II"]
[BlackTeam "Ashfield Breadsall"]
[WhiteTeamCountry "ENG"]
[BlackTeamCountry "ENG"]

1. e4 c5 2. Nf3 d6 3. d4 cxd4 4. Nxd4 Nf6 5. Nc3 a6 6. Bg5 Nbd7 7. f4 Qc7 8. Qf3 h6 9. Bh4 g5 10. fxg5 hxg5 11. Bxg5 Qc5 12. Be3 Ne5 13. Qe2 Neg4 14. Bg1 Bh6 15. g3 Bd7 16. Bg2 Qc7 17. Nf3 0-0-0 18. h3 Ne5 19. Nxe5 dxe5 20. Nd5 Nxd5 21. exd5 Bb5 22. Qf3 Qxc2 23. Rd1 Qc7 24. Be3 Qa5+ 25. Kf2 Bxe3+ 26. Qxe3 Qxa2 27. Qxe5 Kd7 28. Rhe1 Rde8 29. Rc1 Qa5 30. h4 Qd2+ 31. Kg1 e6 32. Qc7# 1-0

[Event "BCF-chT3Sb 1516 (4NCL)"]
[Site "England"]
[Date "2016.03.19"]
[Round "7.99"]
[White "Combie, Alexander"]
[Black "Byway, Paul V"]
[Result "1-0"]
[WhiteElo "2041"]
[BlackElo "2098"]
[PlyCount "81"]
[EventDate "2015.11.14"]
[EventType "team-swiss"]
[EventRounds "7"]
[EventCountry "ENG"]
[SourceTitle "EXT 2017"]
[Source "ChessBase"]
[SourceDate "2016.10.25"]
[SourceVersion "1"]
[SourceVersionDate "2016.10.25"]
[SourceQuality "1"]
[WhiteTeam "Ashfield Breadsall"]
[BlackTeam "Poisoned Pawns"]
[WhiteTeamCountry "ENG"]
[BlackTeamCountry "ENG"]

1. d4 d5 2. c4 e6 3. Nf3 Nf6 4. g3 Be7 5. Bg2 0-0 6. 0-0 c5 7. cxd5 exd5 8. Nc3 Nc6 9. Bg5 c4 10. Ne5 Be6 11. b3 h6 12. Bxf6 Bxf6 13. Nxc6 bxc6 14. bxc4 dxc4 15. e3 Qa5 16. Na4 Rab8 17. Nc5 Rb2 18. Nxe6 fxe6 19. Bxc6 Rxa2 20. Rc1 Rd2 21. Qg4 c3 22. Qxe6+ Kh8 23. Qc4 Be7 24. Qxc3 Bb4 25. Qc4 Qb6 26. Qb5 Qxb5 27. Bxb5 a5 28. Rc7 Ra2 29. Bc4 Rc2 30. Rc6 a4 31. Bd5 Rb2 32. Ra6 a3 33. Kg2 Bc3 34. Rxa3 Bd2 35. Kg1 Rb5 36. Ra8 Rxa8 37. Bxa8 h5 38. h4 g5 39. hxg5 Rxg5 40. Kg2 Kg7 41. Rh1 1-0